Spokojenost v dlouhodobých partnerských vztazích: kvalitativní studie českých heterosexuálních párů

Kvalitatívna štúdia skúmajúca spokojnosť a pocit šťastia českých párov, s porovnaním so zisteniami zahraničných štúdií. Prehľad existujúcich poznatkov v oblasti spokojnosti v partnerských vzťahoch. Analýza kvalitatívneho výskumu, v ktorom sa uskutočnili pološtruktúrované rozhovory s 22 respondentmi...

Descripción completa

Guardado en:
Detalles Bibliográficos
Autor principal: Kalousová, Zuzana
Otros Autores: Štětovská, Iva
Formato: Capítulo de libro
Lenguaje:checo
Materias:
Etiquetas: Agregar Etiqueta
Sin Etiquetas, Sea el primero en etiquetar este registro!

MARC

LEADER 00000naa a2200000 4500
001 0281654
005 20220201222114.6
041 0 |a cze 
044 |a CZ 
245 1 0 |a Spokojenost v dlouhodobých partnerských vztazích: kvalitativní studie českých heterosexuálních párů  |c Zuzana Kalousová, Iva Štětovská 
520 |a Kvalitatívna štúdia skúmajúca spokojnosť a pocit šťastia českých párov, s porovnaním so zisteniami zahraničných štúdií. Prehľad existujúcich poznatkov v oblasti spokojnosti v partnerských vzťahoch. Analýza kvalitatívneho výskumu, v ktorom sa uskutočnili pološtruktúrované rozhovory s 22 respondentmi žijúcimi v spokojnom vzťahu viac ako desať rokov, s použitím techniky zakotvenej teórie. Výsledky v podobe desiatich kategórií, ktoré prispeli k spokojnosti vo vzťahoch respondentov: prekonávanie rozdielov a prekážok, spoločné aktivity, komunikácia, vytrvalosť, neriešenie všetkého, harmónia, istota, dobrý výber partnera, stabilná ekonomická situácia a rodina. 
610 2 0 |a psychológia aplikovaná 
610 2 0 |a psychológia sociálna 
610 2 0 |a sociológia psychologická 
610 2 0 |a manželstvo 
610 2 0 |a rodina 
610 2 0 |a vzťahy medziľudské 
610 2 0 |a Česko 
610 2 0 |a výskum kvalitatívny 
610 2 0 |a analýza kvalitatívna 
100 1 |a Kalousová, Zuzana 
700 1 |a Štětovská, Iva